[Event "FRA-chT4 0405"]
[Site "Bretagne"]
[Date "2005.04.03"]
[Round "7"]
[White "Pellerin, Thierry"]
[Black "Thebault, Stephane"]
[Result "0-1"]
[WhiteElo "1530"]
[BlackElo "1499"]
[PlyCount "119"]
[EventDate "2004.04.03"]
[EventType "team"]
[EventRounds "7"]
[EventCountry "FRA"]
[SourceTitle "EXT 2007"]
[Source "ChessBase"]
[SourceDate "2006.11.23"]
[SourceVersion "1"]
[SourceVersionDate "2006.11.23"]
[SourceQuality "1"]

1. c4 e5 2. Nc3 Nf6 3. Nf3 Bc5 4. Nxe5 0-0 5. g3 d6 6. Nf3 Nc6 7. Bg2 Be6 8. d3 Re8 9. 0-0 h6 10. a3 a6 11. b4 Bb6 12. Na4 Ba7 13. Bb2 b5 14. cxb5 axb5 15. Nc3 Rb8 16. e3 Qc8 17. Nd2 Bh3 18. Qf3 Bxg2 19. Qxg2 Ne5 20. Nd5 Nxd5 21. Qxd5 Qb7 22. Qxb7 Rxb7 23. Bxe5 dxe5 24. Rfc1 Rd8 25. Rc3 f5 26. Rac1 Bb6 27. Kf1 g5 28. Ke2 f4 29. gxf4 exf4 30. e4 g4 31. Rg1 h5 32. h4 Kh7 33. Rg2 f3+ 34. Nxf3 gxf3+ 35. Kxf3 Rf8+ 36. Ke2 Bd4 37. Rc6 Rg8 38. Rxg8 Kxg8 39. Rh6 Bb2 40. Rxh5 Bxa3 41. f4 Bxb4 42. f5 Bc3 43. Rg5+ Kh7 44. Rh5+ Kg7 45. Rg5+ Kh7 46. Kf3 b4 47. Kf4 b3 48. Rh5+ Kg7 49. e5 Bxe5+ 50. Kxe5 b2 51. Rg5+ Kh6 52. Rg6+ Kh5 53. Rg1 b1Q 54. Rxb1 Rxb1 55. f6 Rf1 56. Ke6 Re1+ 57. Kd7 Kg6 58. h5+ Kxf6 59. h6 Rh1 60. Kxc7 0-1